Normal view
MARC view
Entry Personal Name
001 - CONTROL NUMBER
- control field: 11986
003 - CONTROL NUMBER IDENTIFIER
- control field: BD-RjUL
005 - DATE AND TIME OF LATEST TRANSACTION
- control field: 20240229144802.0
008 - FIXED-LENGTH DATA ELEMENTS
- fixed length control field: 240229|| aca||aabn | a|a d
040 ## - CATALOGING SOURCE
- Original cataloging agency: BD-RjUL
- Transcribing agency: BD-RjUL
100 ## - HEADING--PERSONAL NAME
- Personal name: বারী, এস এ এ, সহ-গবেষণা তত্ত্বাবধায়ক
670 ## - SOURCE DATA FOUND
- Source citation: Work cat.: (BD-RjUL)83189: রহমান, এ টি এম হামিদুর 11983, বাংলাদেশের জনস্বাস্থ্য ও জনসংখ্যার পরিবর্তন :, ২০০৬